000 00836nam a2200265Ia 4500
003 OSt
005 20220930072627.0
006 a|||||r|||| 00| 0
007 ta
008 220926b |||||||| |||| 00| 0 eng d
024 _a24674
037 _cTheses
040 _aCRL
_cCRL
_beng
041 _2eng
_aeng
100 _aBalani Bharat
_9530172
110 _aUniversity of Delhi. Faculty of Medical Sciences. Department of Paediatrics
245 0 _aEtiological profile of recurrent abdominal pain in children
260 _c1997
300 _a72p.
_ap.
_ccm.
650 _aCHILDREN - DISEASES
700 _a Dr A K Patwari Supervisor
_9520327
700 _aUniversity of Delhi. Faculty of Medical Sciences. Department of Paediatrics
942 _cDIS
_2CC
999 _c864131
_d864131